The appraiser and real estate feasibility studies

Bibliographic Details
Main Author: Lukens, Reaves C. (Author)
Format: Book
Language:English
Published: Chicago : American Institute of Real Estate Appraisers 1972
Subjects:

MARC

LEADER 00000cam a2200000 7i4500
001 0000003729
005 20240927.0
008 240610 ilua eng
040 |a INS   |b eng   |e rda 
090 0 0 |a RHD1382.5   |b .L954 1972 
100 1 |a Lukens, Reaves C.   |f Jr. ,   |e author 
245 1 4 |a The appraiser and real estate feasibility studies   |c prepared for the American Institute of Real Estate Appraisers by Reaves C. Lukens Jr. 
264 1 |a Chicago :   |b American Institute of Real Estate Appraisers   |c 1972 
300 |a iv, 28 pages :   |b illustrations ;   |c 28 cm. 
336 |a text  |2 rdacontent 
337 |a unmediated  |2 rdamedia 
338 |a volume  |2 rdacarrier 
650 0 |a Real estate   |x Valuation 
999 |a 0000001693   |b BOOK   |c Reference   |e Default branch